| 000 | 00946nam a22002537a 4500 | ||
|---|---|---|---|
| 999 |
_c63497 _d63497 |
||
| 005 | 20240530110644.0 | ||
| 008 | 171106s2016 ua g 000 0 ara d | ||
| 017 |
_a2016/20137 _bمصر. دار الكتب |
||
| 020 | _a9789777220095 | ||
| 040 |
_aEG-CaGPL _cEG-CaGPL |
||
| 082 | 0 | 4 |
_221 _a155.2 / _bم ا |
| 100 | 0 | _aمحمود يحيى سالم | |
| 245 | 1 | 0 |
_aاجعل من ضعفك قوة اسرار من علم النفس الانسانى / _cبقلم محمود يحيى سالم |
| 250 | _aط.1 | ||
| 260 |
_aالقاهرة : _bالمجموعة العربية للتدريب و النشر ، _c2016. |
||
| 300 |
_a163 ص. ؛ _c24 سم. |
||
| 650 | 0 | 7 |
_2qrmak _aعلم النفس المرضى |
| 650 | 0 | 7 |
_2qrmak _aالتحليل النفسى |
| 650 | 0 | 7 |
_2qrmak _aالعلاج النفسى |
| 650 | 0 | 7 |
_2qrmak _aعلم النفس الفردى |
| 651 | _2qrmak | ||
| 942 |
_2ddc _cBK |
||